000
00419nam a2200133Ia 4500
008
100328s9999 xx 000 0 und d
082
_b
59110
100
_a
महाले मुकुंद आत्माराम.
245
_a
प्रेम संघर्ष.
260
_b
जाणीव.
630
_a
प्रेम संघर्ष.
730
_a
प्रेम संघर्ष.
942
_c
BOOK
999
_c
545374
_d
545371